[Event "Milan Vidmar Memorial Tournament"]
[Site "SchemingMind.com"]
[Date "2020.08.02"]
[Round "-"]
[White "Chessibelle"]
[Black "William Lindberg"]
[Result "0-1"]
[WhiteCountry "ENG"]
[BlackCountry "USA"]
[WhiteElo "1074"]
[WhiteRD "53"]
[BlackElo "2437"]
[BlackRD "66"]
[GameID "458386"]

1. e4 e5 2. Nf3 Nc6 3. Be2 Nf6 4. Nc3 Bb4 5. O-O Bxc3 6. dxc3 h6 7. a3 O-O 8. c4 Nxe4 9. b3 Nc3 10. Qd2 Nxe2+
11. Qxe2 d6 12. h3 b6 13. Qe4 Bb7 14. Qe2 f5 15. Qe3 e4 16. Nd4 Nxd4 17. Qxd4 f4 18. Bb2 Qg5 19. Qc3 Rf6 20. Rfe1 e3
21. f3 Bxf3 22. Kf1 Qxg2#
0-1

[Event "Milan Vidmar Memorial Tournament"]
[Site "SchemingMind.com"]
[Date "2020.08.01"]
[Round "-"]
[White "William Lindberg"]
[Black "Chessibelle"]
[Result "1-0"]
[WhiteCountry "USA"]
[BlackCountry "ENG"]
[WhiteElo "2437"]
[WhiteRD "66"]
[BlackElo "1074"]
[BlackRD "53"]
[GameID "458387"]

1. c4 d6 2. d4 Bd7 3. Nc3 Nf6 4. e4 c5 5. d5 e6 6. Be2 g6 7. Nf3 Be7 8. e5 Ng4 9. dxe6 Bxe6 10. exd6 Bxd6
11. Nb5 Be7 12. Qxd8+ Bxd8 13. Ng5 Ne5 14. Nxe6 fxe6 15. Nd6+ Kd7 16. Nxb7 Bf6 17. Nxc5+ Ke7 18. Ne4 Bg7 19. Bg5+ Kd7 20. O-O-O+ Kc6
21. f4 Nf7 22. b4 Kb6 23. Bf3 Nc6 24. Rd7 Nfd8 25. Rxg7 h6 26. Bh4 e5 27. Bf2+ Ka6 28. Nc5+ Kb6 29. Bxc6 Kxc6 30. b5+ Kb6
31. Nb3#
1-0

[Event "Milan Vidmar Memorial Tournament"]
[Site "SchemingMind.com"]
[Date "2020.08.01"]
[Round "-"]
[White "Chessibelle"]
[Black "Randy Bahr"]
[Result "0-1"]
[WhiteCountry "ENG"]
[BlackCountry "USA"]
[WhiteElo "1074"]
[WhiteRD "53"]
[BlackElo "1789"]
[BlackRD "69"]
[GameID "458392"]

1. e4 c6 2. d3 d5 3. Nf3 Qc7 4. Be2 g6 5. b3 Bg7 6. c3 e6 7. Nbd2 Bxc3 8. Rb1 Bg7 9. O-O Ne7 10. g3 O-O
11. Ng5 h6 12. Nh3 Nd7 13. Ba3 Nf6 14. Nf4 e5 15. Ng2 Bh3 16. Bf3 Rfe8 17. Re1 Qa5 18. Qc1 Rad8 19. b4 Qc7 20. Bb2 Nh7
21. Qd1 Ng5 22. Be2 dxe4 23. dxe4 Nxe4 24. Qb3 Nxd2 25. Qc2 Nxb1 26. Rxb1 Bf5 27. Qc1 Bxb1 28. Qxb1 Nf5 29. Bc1 Nd4 30. Bc4 Nf3+
31. Kf1 Qd6 32. Be2 e4 33. a3 Nxh2+ 34. Ke1 Bc3+ 35. Bd2 Qxd2#
0-1

[Event "Milan Vidmar Memorial Tournament"]
[Site "SchemingMind.com"]
[Date "2020.08.01"]
[Round "-"]
[White "Randy Bahr"]
[Black "Chessibelle"]
[Result "1-0"]
[WhiteCountry "USA"]
[BlackCountry "ENG"]
[WhiteElo "1789"]
[WhiteRD "69"]
[BlackElo "1074"]
[BlackRD "53"]
[GameID "458393"]

1. e4 e5 2. Nf3 Nc6 3. Bc4 h6 4. d4 Nf6 5. dxe5 Nxe4 6. Qd5 Qe7 7. Qxe4 g6 8. Nc3 Bg7 9. Bf4 O-O 10. O-O-O b6
11. Rhe1 Bb7 12. Bd5 Kh8 13. h4 h5 14. a3 Rab8 15. Nd4 a5 16. Bxc6 dxc6 17. Qe3 Rfe8 18. Nf3 c5 19. Kb1 Bc8 20. Nd5 Qe6
21. Nxc7 Qe7 22. Nxe8 Qxe8 23. Nh2 Ra8 24. Bh6 Bf8 25. Bxf8 Qxf8 26. Qb3 Qe7 27. Qxb6 Bf5 28. Qf6+ Qxf6 29. exf6 Ra6 30. Re8+ Kh7
31. Rdd8 Rxf6 32. Rh8+
1-0

[Event "Milan Vidmar Memorial Tournament"]
[Site "SchemingMind.com"]
[Date "2020.08.02"]
[Round "-"]
[White "William Lindberg"]
[Black "Randy Bahr"]
[Result "1-0"]
[WhiteCountry "USA"]
[BlackCountry "USA"]
[WhiteElo "2437"]
[WhiteRD "66"]
[BlackElo "1789"]
[BlackRD "69"]
[GameID "458394"]

1. c4 e5 2. g3 Nc6 3. Nc3 Bc5 4. Bg2 d6 5. e3 a6 6. Nge2 Nge7 7. O-O O-O 8. b3 Ba7 9. d4 exd4 10. exd4 Bf5
11. Be3 Qc8 12. d5 Ne5 13. Bxa7 Rxa7 14. f4 Ng4 15. Qd4 Ra8 16. h3 Nf6 17. g4 Bd7 18. f5 c5 19. Qf4 Ne8 20. Ne4 Qb8
21. f6 Nxf6 22. Nxf6+ gxf6 23. Ng3 f5 24. Qh6 f6 25. Nh5 Rf7 26. Nxf6+ Rxf6 27. Qxf6 Ng6 28. gxf5 Bxf5 29. Rxf5 Qc7 30. Qe6+ Kh8
31. Rf7
1-0

[Event "Milan Vidmar Memorial Tournament"]
[Site "SchemingMind.com"]
[Date "2020.08.02"]
[Round "-"]
[White "Randy Bahr"]
[Black "William Lindberg"]
[Result "0-1"]
[WhiteCountry "USA"]
[BlackCountry "USA"]
[WhiteElo "1789"]
[WhiteRD "69"]
[BlackElo "2437"]
[BlackRD "66"]
[GameID "458395"]

1. e4 c5 2. c3 Nf6 3. e5 Nd5 4. Nf3 Nc6 5. Bc4 Nb6 6. Bb3 d5 7. exd6 Qxd6 8. Na3 a6 9. O-O Bf5 10. d4 cxd4
11. Nxd4 Nxd4 12. Qxd4 Qxd4 13. cxd4 e6 14. Nc4 Nxc4 15. Bxc4 Rc8 16. Bb3 Kd7 17. Be3 Bc2 18. Rfc1 Bxb3 19. Rxc8 Kxc8 20. axb3 Be7
21. g3 Rd8 22. Rc1+ Kd7 23. Kf1 Rc8 24. Rxc8 Kxc8 25. Ke2 Kc7 26. Kd3 Kc6 27. Bd2 Kd5 28. f3 Bd8 29. f4 Bb6 30. Be3 h6
31. Bf2 h5 32. h4 f6 33. Ke3 Bxd4+ 34. Ke2 Bxf2 35. Kxf2 Kc5
0-1

[Event "Milan Vidmar Memorial Tournament"]
[Site "SchemingMind.com"]
[Date "2020.08.07"]
[Round "-"]
[White "Chessibelle"]
[Black "Robert Bruce"]
[Result "0-1"]
[WhiteCountry "ENG"]
[BlackCountry "SCO"]
[WhiteElo "1090"]
[WhiteRD "55"]
[BlackElo "2386"]
[BlackRD "64"]
[GameID "458437"]

1. e4 e5 2. Nf3 f5 3. Be2 fxe4 4. Nxe5 d6 5. Ng4 d5 6. d3 exd3 7. cxd3 Bd6 8. g3 Ne7 9. Bd2 O-O 10. O-O Nbc6
11. Nc3 h5 12. Ne3 d4 13. Ng2 dxc3 14. Bxc3 g6 15. Qd2 Kh7 16. d4 Nd5 17. b3 Nxc3 18. Qxc3 Bb4 19. Qd3 Nxd4 20. Bd1 Nf3+
21. Qxf3 Rxf3 22. Bxf3 c6 23. Nf4 Bd2 24. Rad1 Qa5 25. Nd3 Bh3 26. Bg2 Bxg2 27. Kxg2 Qd5+ 28. Kg1 Qxd3 29. f4 Rd8 30. Kg2 h4
31. Kh3 hxg3 32. hxg3 Qe2 33. Rg1 Kg7 34. a3 Rh8#
0-1

[Event "Milan Vidmar Memorial Tournament"]
[Site "SchemingMind.com"]
[Date "2020.08.07"]
[Round "-"]
[White "Robert Bruce"]
[Black "Chessibelle"]
[Result "1-0"]
[WhiteCountry "SCO"]
[BlackCountry "ENG"]
[WhiteElo "2386"]
[WhiteRD "64"]
[BlackElo "1090"]
[BlackRD "55"]
[GameID "458438"]

1. f4 Nf6 2. Nf3 d6 3. g3 Nc6 4. Bg2 e6 5. d4 Be7 6. Nc3 O-O 7. O-O d5 8. Ne5 Nxe5 9. fxe5 Nd7 10. e4 g6
11. exd5 Nb6 12. dxe6 fxe6 13. Rxf8+ Qxf8 14. a4 Bd7 15. a5 Nc8 16. a6 b6 17. Bxa8 Bb4 18. Ne4 Ne7 19. Nf6+ Kh8 20. Bg2 Nc6
21. Nxd7 Qe7 22. Bxc6 Qf7 23. Bd2 Be7 24. Qe2 Qf5 25. Rf1 Qxc2 26. Rf7 Qxc6 27. Qf2 Qxd7 28. Rf8+
1-0

[Event "Milan Vidmar Memorial Tournament"]
[Site "SchemingMind.com"]
[Date "2020.08.08"]
[Round "-"]
[White "Robert Bruce"]
[Black "William Lindberg"]
[Result "1/2-1/2"]
[WhiteCountry "SCO"]
[BlackCountry "USA"]
[WhiteElo "2450"]
[WhiteRD "66"]
[BlackElo "2437"]
[BlackRD "66"]
[GameID "458439"]

1. e4 c5 2. Nf3 d6 3. Bb5+ Nd7 4. Ba4 Nf6 5. O-O e6 6. Re1 a6 7. c3 b5 8. Bc2 c4 9. d4 cxd3 10. Qxd3 Be7
11. Nd4 Ne5 12. Qe2 Bd7 13. Nd2 O-O 14. f4 Ng6 15. N2f3 e5 16. f5 exd4 17. fxg6 hxg6 18. cxd4 Rc8 19. Bg5 Nh5 20. Bxe7 Qxe7
21. Qd2 Bg4 22. Rf1 Bxf3 23. Rxf3 Rfe8 24. a4 Nf6 25. axb5 axb5 26. Re3 Rc4 27. Re2 Qb7 28. Rae1 Qb6 29. Rd1 Qc6 30. Rde1 Qb6
31. Rd1 Qc6 32. Rde1 Qb6 33. Rd1=
1/2-1/2

[Event "Milan Vidmar Memorial Tournament"]
[Site "SchemingMind.com"]
[Date "2020.08.06"]
[Round "-"]
[White "William Lindberg"]
[Black "Robert Bruce"]
[Result "1/2-1/2"]
[WhiteCountry "USA"]
[BlackCountry "SCO"]
[WhiteElo "2416"]
[WhiteRD "63"]
[BlackElo "2386"]
[BlackRD "64"]
[GameID "458440"]

1. e4 e5 2. Nf3 Nc6 3. Bb5 f5 4. d3 fxe4 5. dxe4 Nf6 6. O-O Bc5 7. Bxc6 bxc6 8. Nxe5 O-O 9. Nc3 Ba6 10. Nd3 Bd4
11. Re1 d6 12. Nb4 Bxc3 13. bxc3 Bb7 14. c4 Nd7 15. Rb1 Nb6 16. Rb3 Nxc4 17. Rc3 d5 18. Nd3 Bc8 19. exd5 cxd5 20. Ne5 Be6
21. h3 Nxe5 22. Rxe5 Qd7 23. Qe2 Rfe8 24. Rce3 d4 25. R3e4 Bf7 26. Bf4 Rad8 27. Rxe8+ Rxe8 28. Bxc7 Rxe4 29. Qxe4 Bxa2 30. Qa8+ Kf7
31. Qxa7 Be6 32. Qb8 d3 33. cxd3 Qxd3 34. Be5 h5 35. Qb4 g5 36. Bb2 g4 37. Ba3 Kg6 38. h4 Qf5 39. Bb2 Kf7 40. Qb7+ Bd7
41. Ba3 Kg6 42. Qa8 Be6 43. Qe8+ Bf7 44. Qc6+ Qf6 45. Bd6 Be6 46. Ba3 Bf7 47. Bd6 Qf5 48. Be5+ Be6 49. Qe8+ Qf7 50. Qh8 Bd7
51. Ba1 Be6 52. Qe5 Bf5 53. Qf4 Be6 54. Qg5+ Kh7 55. Qe5 Bd5 56. Bc3 Be6 57. g3 Bd5 58. Qh8+ Kg6 59. Qe5 Be6=
1/2-1/2

[Event "Milan Vidmar Memorial Tournament"]
[Site "SchemingMind.com"]
[Date "2020.08.07"]
[Round "-"]
[White "Robert Bruce"]
[Black "Randy Bahr"]
[Result "1-0"]
[WhiteCountry "SCO"]
[BlackCountry "USA"]
[WhiteElo "2450"]
[WhiteRD "66"]
[BlackElo "1789"]
[BlackRD "69"]
[GameID "458441"]

1. f4 Nf6 2. Nf3 g6 3. g3 Bg7 4. Bg2 d5 5. O-O c5 6. d3 O-O 7. Qe1 Nc6 8. e4 dxe4 9. dxe4 e5 10. f5 Nd4
11. Na3 Nxf3+ 12. Rxf3 Bd7 13. Bg5 Qb6 14. Rd1 Nxe4 15. Rb3 Qc7 16. Bxe4 Rab8 17. Be7 gxf5 18. Bd6 Qd8 19. Bxb8 fxe4 20. Rxb7 Qf6
21. Rdxd7 Qf3 22. Bd6 Bh6 23. Nc4
1-0

[Event "Milan Vidmar Memorial Tournament"]
[Site "SchemingMind.com"]
[Date "2020.08.07"]
[Round "-"]
[White "Randy Bahr"]
[Black "Robert Bruce"]
[Result "0-1"]
[WhiteCountry "USA"]
[BlackCountry "SCO"]
[WhiteElo "1789"]
[WhiteRD "69"]
[BlackElo "2450"]
[BlackRD "66"]
[GameID "458442"]

1. e4 c5 2. c3 Nf6 3. e5 Nd5 4. Nf3 Nc6 5. Bc4 Nb6 6. Bb3 c4 7. Bc2 Qc7 8. O-O Nxe5 9. Nxe5 Qxe5 10. Re1 Qc7
11. d4 e6 12. Nd2 Be7 13. Nf3 Nd5 14. Ne5 d6 15. Nxf7 Kxf7 16. Qh5+ Kg8 17. Qe8+ Bf8 18. Rxe6 Nf6 19. Rxf6 gxf6 20. Bf4 Qf7
21. Qb5 d5 22. Re1 Qd7 23. Ba4 Qxb5 24. Bxb5 Bf5 25. Be8 h5 26. h4 Rh7 27. Ba4 Re7 28. Rxe7 Bxe7 29. Bd1 Bg4 30. f3 Bd7
31. g4 b5 32. Kg2 Kf7 33. Kg3 Rg8
0-1

[Event "Milan Vidmar Memorial Tournament"]
[Site "SchemingMind.com"]
[Date "2020.08.06"]
[Round "-"]
[White "ray winteringham"]
[Black "Chessibelle"]
[Result "1-0"]
[WhiteCountry "ENG"]
[BlackCountry "ENG"]
[WhiteElo "1484"]
[WhiteRD "48"]
[BlackElo "1074"]
[BlackRD "53"]
[GameID "458542"]

1. g3 e6 2. e4 e5 3. Bg2 Nc6 4. Ne2 d6 5. d3 Be7 6. O-O Nf6 7. Be3 a6 8. Nd2 h6 9. a3 b5 10. a4 Na7
11. axb5 Nxb5 12. f4 Ng4 13. Bf2 Bd7 14. f5 Bf6 15. c3 Bg5 16. Nf3 Bf6 17. Nd2 c5 18. Nc4 Qe7 19. Nc1 h5 20. Bf3 Nxf2
21. Rxf2 g6 22. fxg6 fxg6 23. d4 cxd4 24. Nb6 Rd8 25. Rxa6 Nc7 26. Ra1 Qf7 27. cxd4 g5 28. d5 g4 29. Be2 Qg6 30. Ra7 Nb5
31. Nxd7 Be7 32. Rf8+ Rxf8 33. Bxb5 Rf7 34. Nxe5+ Kf8 35. Nxg6+ Kg7 36. Nxe7 Rdf8 37. Nf5+ Kg8 38. Nh6+
1-0

[Event "Milan Vidmar Memorial Tournament"]
[Site "SchemingMind.com"]
[Date "2020.08.06"]
[Round "-"]
[White "Chessibelle"]
[Black "ray winteringham"]
[Result "0-1"]
[WhiteCountry "ENG"]
[BlackCountry "ENG"]
[WhiteElo "1074"]
[WhiteRD "53"]
[BlackElo "1484"]
[BlackRD "48"]
[GameID "458543"]

1. e4 g6 2. d3 Bg7 3. Qd2 e6 4. Nf3 Ne7 5. Nc3 b6 6. Be2 Bb7 7. O-O c5 8. Qe3 Nbc6 9. a3 O-O 10. Ng5 d5
11. g3 d4 12. Qd2 dxc3 13. bxc3 Ne5 14. Qf4 h6 15. Nh3 f5 16. Rb1 fxe4 17. Qe3 exd3 18. cxd3 Qd5 19. d4 Qg2#
0-1

[Event "Milan Vidmar Memorial Tournament"]
[Site "SchemingMind.com"]
[Date "2020.08.08"]
[Round "-"]
[White "ray winteringham"]
[Black "Robert Bruce"]
[Result "0-1"]
[WhiteCountry "ENG"]
[BlackCountry "SCO"]
[WhiteElo "1484"]
[WhiteRD "48"]
[BlackElo "2450"]
[BlackRD "66"]
[GameID "458544"]

1. g3 d5 2. Bg2 g6 3. e4 dxe4 4. Bxe4 Nc6 5. Ne2 Bf5 6. Nbc3 Bxe4 7. Nxe4 Qd7 8. b3 Bg7 9. c3 Qd3 10. Nc5 Qd5
11. O-O Qxc5 12. d4 Qf5 13. Be3 O-O-O 14. Nf4 e5 15. Ne2 Nf6 16. Qc1 h5 17. Qa3 h4 18. dxe5 hxg3 19. fxg3 Qe4 20. Qc1 Rxh2
21. Kxh2 Ng4+ 22. Kg1 Rh8
0-1

[Event "Milan Vidmar Memorial Tournament"]
[Site "SchemingMind.com"]
[Date "2020.08.08"]
[Round "-"]
[White "Robert Bruce"]
[Black "ray winteringham"]
[Result "1-0"]
[WhiteCountry "SCO"]
[BlackCountry "ENG"]
[WhiteElo "2450"]
[WhiteRD "66"]
[BlackElo "1484"]
[BlackRD "48"]
[GameID "458545"]

1. e4 b6 2. d4 Bb7 3. Bd3 f5 4. exf5 Bxg2 5. Qh5+ g6 6. fxg6 Bd5 7. g7+ Bf7 8. gxh8=Q Bxh5 9. Qxh7 Bf7 10. Bg6 Bxg6
11. Qxg6#
1-0

[Event "Milan Vidmar Memorial Tournament"]
[Site "SchemingMind.com"]
[Date "2020.08.09"]
[Round "-"]
[White "ray winteringham"]
[Black "William Lindberg"]
[Result "0-1"]
[WhiteCountry "ENG"]
[BlackCountry "USA"]
[WhiteElo "1484"]
[WhiteRD "48"]
[BlackElo "2437"]
[BlackRD "66"]
[GameID "458546"]

1. d4 d5 2. g3 Nf6 3. Nc3 c5 4. Bg5 e6 5. Bg2 cxd4 6. Qxd4 Be7 7. Nf3 Nc6 8. Qd2 O-O 9. O-O d4 10. Bxf6 Bxf6
11. Ne4 Be7 12. a3 e5 13. c4 f5 14. Neg5 e4 15. Nxh7 exf3 16. Nxf8 fxg2 17. Kxg2 Qxf8 18. e3 Be6 19. b3 Rd8 20. Qe2 d3
21. Qd2 Bxa3 22. Rfd1 Bb4 23. Qb2 Qc5 24. Qb1 Ne5 25. Ra2 Qc6+ 26. Kh3 f4+ 27. g4 Bxg4+ 28. Kh4 Qf6#
0-1

[Event "Milan Vidmar Memorial Tournament"]
[Site "SchemingMind.com"]
[Date "2020.08.09"]
[Round "-"]
[White "William Lindberg"]
[Black "ray winteringham"]
[Result "1-0"]
[WhiteCountry "USA"]
[BlackCountry "ENG"]
[WhiteElo "2437"]
[WhiteRD "66"]
[BlackElo "1484"]
[BlackRD "48"]
[GameID "458547"]

1. c4 b5 2. cxb5 d5 3. Nf3 Bg4 4. Ne5 Bh5 5. d4 e6 6. Nc3 Bb4 7. Qa4 Bxc3+ 8. bxc3 Ke7 9. g4 Bxg4 10. Ba3+ Kf6
11. Nxg4+ Kg6 12. Rg1 f6 13. Ne5+ Kh6 14. Nf7+
1-0

[Event "Milan Vidmar Memorial Tournament"]
[Site "SchemingMind.com"]
[Date "2020.08.06"]
[Round "-"]
[White "ray winteringham"]
[Black "Randy Bahr"]
[Result "0-1"]
[WhiteCountry "ENG"]
[BlackCountry "USA"]
[WhiteElo "1484"]
[WhiteRD "48"]
[BlackElo "1789"]
[BlackRD "69"]
[GameID "458548"]

1. g3 d5 2. d4 Nf6 3. Bg2 c6 4. e3 Qc7 5. Ne2 e5 6. dxe5 Qxe5 7. O-O Be7 8. Re1 Qc7 9. a3 O-O 10. b3 Be6
11. Bb2 Nbd7 12. Nd2 Ne8 13. Nf3 Ndf6 14. Qd3 h6 15. h4 Nd6 16. Nf4 Bf5 17. Qd1 g5 18. hxg5 hxg5 19. Nh3 g4 20. Bxf6 Bxf6
21. Nf4 gxf3 22. Qxf3 Qd7 23. Nh5 Bg7 24. Qf4 Qe6 25. Qg5 Qg6 26. Qh4 Bxa1 27. Rxa1 f6 28. f4 Bg4 29. Rf1 Qxh5
0-1

[Event "Milan Vidmar Memorial Tournament"]
[Site "SchemingMind.com"]
[Date "2020.08.06"]
[Round "-"]
[White "Randy Bahr"]
[Black "ray winteringham"]
[Result "1-0"]
[WhiteCountry "USA"]
[BlackCountry "ENG"]
[WhiteElo "1789"]
[WhiteRD "69"]
[BlackElo "1484"]
[BlackRD "48"]
[GameID "458549"]

1. c4 d5 2. cxd5 Qxd5 3. Nc3 Qd8 4. g3 g6 5. Bg2 Bg7 6. Nf3 Nf6 7. e4 O-O 8. O-O Nc6 9. d4 e6 10. e5 Nd7
11. Ne4 b6 12. Re1 Bb7 13. Bf4 Na5 14. Qc1 Bxe4 15. Rxe4 c5 16. dxc5 Rc8 17. b4 Nc6 18. b5 Ne7 19. c6 Nd5 20. Qd2 Nc5
21. Rd4 Qe7 22. Bh6 Ra8 23. Bxg7 Kxg7 24. Qg5 Qe8 25. Nd2 Nc3 26. Rh4 Rh8 27. Qf6+ Kg8 28. a4 h5 29. Bf3 Rc8 30. Nc4 Qd8
31. Qxd8+ Rxd8 32. Nd6 g5 33. Rxh5 Nd3 34. Rxh8+ Kxh8 35. Nxf7+
1-0

[Event "Milan Vidmar Memorial Tournament"]
[Site "SchemingMind.com"]
[Date "2020.08.08"]
[Round "-"]
[White "David Carter"]
[Black "ray winteringham"]
[Result "1-0"]
[WhiteCountry "USA"]
[BlackCountry "ENG"]
[WhiteElo "1998"]
[WhiteRD "78"]
[BlackElo "1484"]
[BlackRD "48"]
[GameID "458622"]

1. d4 c5 2. d5 Nf6 3. c4 d6 4. Nc3 e5 5. e4 h6 6. Bd3 Bd7 7. Nge2 Be7 8. O-O Na6 9. a3 Qc7 10. Rb1 b6
11. b4 cxb4 12. axb4 Qb7 13. Ng3 O-O 14. Qe2 Nc7 15. Be3 Ng4 16. c5 Qc8 17. c6 Be8 18. Nf5 Bf6 19. Qxg4 Kh7 20. Qh5 Bd7
21. Nxd6 Qd8 22. cxd7 Qxd7 23. Qf5+ Qxf5 24. Nxf5 Bd8 25. Rfc1 Ne8 26. f3 Rh8 27. g4 Kg8 28. f4 Bc7 29. Nb5 exf4 30. Nxc7 Nxc7
31. Bxf4 Ne8 32. e5 Kf8 33. d6 g6 34. Bxh6+ Kg8 35. Ne7+ Kh7 36. g5
1-0

[Event "Milan Vidmar Memorial Tournament"]
[Site "SchemingMind.com"]
[Date "2020.08.08"]
[Round "-"]
[White "ray winteringham"]
[Black "David Carter"]
[Result "0-1"]
[WhiteCountry "ENG"]
[BlackCountry "USA"]
[WhiteElo "1484"]
[WhiteRD "48"]
[BlackElo "1998"]
[BlackRD "78"]
[GameID "458623"]

1. g3 d5 2. Bg2 e6 3. d4 Nf6 4. Bg5 Be7 5. e3 c5 6. Ne2 Qb6 7. b3 Nc6 8. c3 h6 9. Bxf6 Bxf6 10. Nd2 cxd4
11. exd4 Bd7 12. O-O O-O 13. Kh1 Rac8 14. b4 a5 15. a3 Ne7 16. Nb3 axb4 17. axb4 Bb5 18. Re1 Bxe2 19. Qxe2 Rxc3 20. Rab1 Qxb4
21. Red1 Rxb3 22. Qc2 Rxb1
0-1

[Event "Milan Vidmar Memorial Tournament"]
[Site "SchemingMind.com"]
[Date "2020.08.08"]
[Round "-"]
[White "David Carter"]
[Black "Chessibelle"]
[Result "1-0"]
[WhiteCountry "USA"]
[BlackCountry "ENG"]
[WhiteElo "1998"]
[WhiteRD "78"]
[BlackElo "1074"]
[BlackRD "53"]
[GameID "458624"]

1. d4 d5 2. c4 Nf6 3. cxd5 Nxd5 4. e4 Nf6 5. Nc3 g6 6. Bc4 a6 7. e5 Nfd7 8. Nf3 c6 9. Ng5 e6 10. Qf3 Qe7
11. Nce4 b5 12. Nd6+ Kd8 13. Ndxf7+ Kc7 14. Nxe6+ Kb7 15. Nd6+
1-0

[Event "Milan Vidmar Memorial Tournament"]
[Site "SchemingMind.com"]
[Date "2020.08.09"]
[Round "-"]
[White "Chessibelle"]
[Black "David Carter"]
[Result "0-1"]
[WhiteCountry "ENG"]
[BlackCountry "USA"]
[WhiteElo "1074"]
[WhiteRD "53"]
[BlackElo "1998"]
[BlackRD "78"]
[GameID "458625"]

1. e4 e5 2. Nf3 Nc6 3. Nc3 Nf6 4. Be2 Be7 5. O-O O-O 6. d3 d5 7. Bd2 d4 8. Nb1 Ne8 9. c3 g6 10. Re1 Ng7
11. Na3 Be6 12. Nc4 f6 13. g3 b5 14. Na3 dxc3 15. Bxc3 b4 16. Bd2 bxa3 17. b3 Qd7 18. Bh6 Bb4 19. Nd2 Nd4 20. Bf1 Bxd2
21. Bxd2 Bg4 22. Qc1 Nf3+ 23. Kg2 Nxe1+ 24. Bxe1 Bh3+ 25. Kg1 Bxf1 26. Kxf1 Qxd3+ 27. Kg1 Ne6 28. f3 Nd4 29. Kg2 Qxf3+ 30. Kh3 Qf1+
31. Kh4 Nf3+ 32. Kg4 h5#
0-1

[Event "Milan Vidmar Memorial Tournament"]
[Site "SchemingMind.com"]
[Date "2020.08.08"]
[Round "-"]
[White "David Carter"]
[Black "Robert Bruce"]
[Result "1/2-1/2"]
[WhiteCountry "USA"]
[BlackCountry "SCO"]
[WhiteElo "1971"]
[WhiteRD "73"]
[BlackElo "2386"]
[BlackRD "64"]
[GameID "458626"]

1. d4 Nf6 2. c4 c5 3. d5 e6 4. Nc3 exd5 5. cxd5 d6 6. e4 g6 7. h3 a6 8. a4 Nbd7 9. Nf3 Bg7 10. Bd3 O-O
11. O-O Re8 12. Re1 Ne5 13. Nxe5 Rxe5 14. f4 Re8 15. Qf3 Qc7 16. Bc4 Bd7 17. Bd2 Kh8 18. Re2=
1/2-1/2

[Event "Milan Vidmar Memorial Tournament"]
[Site "SchemingMind.com"]
[Date "2020.08.09"]
[Round "-"]
[White "Robert Bruce"]
[Black "David Carter"]
[Result "1-0"]
[WhiteCountry "SCO"]
[BlackCountry "USA"]
[WhiteElo "2386"]
[WhiteRD "64"]
[BlackElo "1971"]
[BlackRD "73"]
[GameID "458627"]

1. f4 e5 2. e4 d5 3. exd5 exf4 4. Nc3 Qh4+ 5. Ke2 Bg4+ 6. Nf3 Bd6 7. Qe1 Qh6 8. Kd1+ Ne7 9. b3 O-O 10. Bb2 Nd7
11. Bc4 Rae8 12. Qf1 a6 13. a4 Nf5 14. Kc1 Re7 15. Kb1 Rfe8 16. Ka2 Ne5 17. Nxe5 Bxe5 18. Bd3 Nd4 19. Re1 f3 20. Re3 fxg2
21. Qxg2 Bf5 22. Ne4 Qg6 23. Qf2 b5 24. c3 Bf4 25. Qxf4 Bxe4 26. Rxe4 Rxe4 27. Bxe4
1-0

[Event "Milan Vidmar Memorial Tournament"]
[Site "SchemingMind.com"]
[Date "2020.08.09"]
[Round "-"]
[White "David Carter"]
[Black "William Lindberg"]
[Result "0-1"]
[WhiteCountry "USA"]
[BlackCountry "USA"]
[WhiteElo "1998"]
[WhiteRD "78"]
[BlackElo "2437"]
[BlackRD "66"]
[GameID "458628"]

1. d4 Nf6 2. c4 e6 3. Nc3 Bb4 4. Qc2 O-O 5. a3 Bxc3+ 6. Qxc3 b6 7. Bg5 h6 8. Bh4 Bb7 9. f3 d6 10. e3 Nbd7
11. Bd3 e5 12. Ne2 e4 13. fxe4 g5 14. Bf2 Nxe4 15. Bxe4 Bxe4 16. O-O Qe7 17. Qd2 Bg6 18. Nc3 Nf6 19. h3 Ne4 20. Nxe4 Bxe4
21. Bg3 f5 22. Rac1 Rae8 23. b4 Rf6 24. c5 h5 25. h4 Rg6
0-1

[Event "Milan Vidmar Memorial Tournament"]
[Site "SchemingMind.com"]
[Date "2020.08.09"]
[Round "-"]
[White "William Lindberg"]
[Black "David Carter"]
[Result "1-0"]
[WhiteCountry "USA"]
[BlackCountry "USA"]
[WhiteElo "2416"]
[WhiteRD "63"]
[BlackElo "1971"]
[BlackRD "73"]
[GameID "458629"]

1. c4 e6 2. Nf3 d5 3. d4 c6 4. Nc3 dxc4 5. e3 b5 6. a4 Bb4 7. Bd2 a5 8. axb5 Bxc3 9. Bxc3 cxb5 10. b3 Bb7
11. bxc4 b4 12. Bb2 Nf6 13. Bd3 Nbd7 14. O-O O-O 15. Bc2 Qc7 16. Nd2 e5 17. Rc1 exd4 18. exd4 Qf4 19. g3 Qh6 20. Ra1 Qh3
21. d5 Rfc8 22. Re1 Ng4 23. Nf1 Rxc4 24. Bf5 Nb6 25. f3 Bxd5 26. Rxa5 Rd8 27. Rxd5
1-0

[Event "Milan Vidmar Memorial Tournament"]
[Site "SchemingMind.com"]
[Date "2020.08.08"]
[Round "-"]
[White "David Carter"]
[Black "Randy Bahr"]
[Result "1-0"]
[WhiteCountry "USA"]
[BlackCountry "USA"]
[WhiteElo "1998"]
[WhiteRD "78"]
[BlackElo "1789"]
[BlackRD "69"]
[GameID "458630"]

1. d4 f5 2. e4 fxe4 3. Nc3 Nf6 4. Bg5 d6 5. f3 exf3 6. Nxf3 Bg4 7. h3 Bxf3 8. Qxf3 c6 9. Bd3 Nbd7 10. O-O-O Qc7
11. Rhe1 O-O-O 12. Bf5 Kb8 13. Be6 g6 14. g4 Bg7 15. Bf4 Ne8 16. Ne4 h6 17. Bxd7 Qxd7 18. Nc5 Qc8 19. Rxe7 Ka8 20. Nxb7 Rf8
21. Nxd8
1-0

[Event "Milan Vidmar Memorial Tournament"]
[Site "SchemingMind.com"]
[Date "2020.08.08"]
[Round "-"]
[White "Randy Bahr"]
[Black "David Carter"]
[Result "1-0"]
[WhiteCountry "USA"]
[BlackCountry "USA"]
[WhiteElo "1789"]
[WhiteRD "69"]
[BlackElo "1998"]
[BlackRD "78"]
[GameID "458631"]

1. c4 e5 2. g3 Nf6 3. Bg2 d5 4. cxd5 Nxd5 5. Nc3 Nb6 6. Nf3 Nc6 7. O-O Be7 8. a3 Be6 9. d3 O-O 10. Be3 Nd5
11. Nxd5 Bxd5 12. Qa4 Re8 13. Rfd1 f5 14. Ne1 Bxg2 15. Nxg2 Bf6 16. Qb3+ Kh8 17. Qxb7 Na5 18. Qf3 Nb3 19. Rab1 c5 20. Qxf5
1-0

[Event "Milan Vidmar Memorial Tournament"]
[Site "SchemingMind.com"]
[Date "2020.08.13"]
[Round "-"]
[White "The Stonewall"]
[Black "David Carter"]
[Result "1-0"]
[WhiteCountry "ENG"]
[BlackCountry "USA"]
[WhiteElo "2477"]
[WhiteRD "82"]
[BlackElo "1998"]
[BlackRD "78"]
[GameID "458633"]

1. e4 e5 2. Nf3 Nc6 3. Nc3 Nf6 4. d4 exd4 5. Nxd4 Bb4 6. Nxc6 bxc6 7. Bd3 d5 8. exd5 cxd5 9. O-O O-O 10. h3 c6
11. Qf3 Re8 12. Bf4 Bd6 13. Rfe1 Be6 14. Ne2 Rb8 15. b3 Rb4 16. Bd2 Rb8 17. Nd4 c5 18. Nc6
1-0